<?xml version="1.0" encoding="UTF-8"?>
<record
    xmlns:xsi="http://www.w3.org/2001/XMLSchema-instance"
    xsi:schemaLocation="http://www.loc.gov/MARC21/slim http://www.loc.gov/standards/marcxml/schema/MARC21slim.xsd"
    xmlns="http://www.loc.gov/MARC21/slim">

  <leader>05464nam a2200253   4500</leader>
  <controlfield tag="001">114249</controlfield>
  <controlfield tag="003">DR-UNIBE</controlfield>
  <controlfield tag="005">20251202135115.0</controlfield>
  <controlfield tag="008">251201b2025    dr ||||| |||| 00| 0 spa d</controlfield>
  <datafield tag="020" ind1=" " ind2=" ">
    <subfield code="a">9789945224733</subfield>
  </datafield>
  <datafield tag="040" ind1=" " ind2=" ">
    <subfield code="a">BIBLIOTECA UNIBE</subfield>
    <subfield code="c">BIBLIOTECA UNIBE</subfield>
    <subfield code="e">rda</subfield>
  </datafield>
  <datafield tag="041" ind1=" " ind2=" ">
    <subfield code="a">spa</subfield>
  </datafield>
  <datafield tag="082" ind1=" " ind2=" ">
    <subfield code="a">RD 320.53 R789i</subfield>
  </datafield>
  <datafield tag="100" ind1=" " ind2=" ">
    <subfield code="a">Rosario Adames, Fausto </subfield>
    <subfield code="e">autor</subfield>
    <subfield code="9">201117</subfield>
  </datafield>
  <datafield tag="245" ind1="1" ind2="3">
    <subfield code="a">La izquierda vista por s&#xED; misma /</subfield>
    <subfield code="c">Fausto Rosario Adames</subfield>
  </datafield>
  <datafield tag="260" ind1=" " ind2=" ">
    <subfield code="a">Santo Domingo : </subfield>
    <subfield code="b">Editora B&#xFA;ho :</subfield>
    <subfield code="b">Universidad Iberoamericana (UNIBE),</subfield>
    <subfield code="c">2025</subfield>
  </datafield>
  <datafield tag="505" ind1=" " ind2=" ">
    <subfield code="a">Los socialistas dominicanos  |  
El PRD naci&#xF3; y simpatiz&#xF3; con la izquierda  |  
El PLD naci&#xF3; como una opci&#xF3;n de izquierda  |  
Al llegar al poder, el PRD, se inclin&#xF3; hacia la derecha  |  
Muerte del foquismo y debate sobre la izquierda |  
El PCD y la renuncia de Jos&#xE9; Israel Cuello  |  
&#x201C;Ning&#xFA;n partido sirve para promover un cambio  
trascendente en la Rep&#xFA;blica Dominicana&#x201D;  |  
Nadie como Minerva  |  
La representatividad an&#xF3;mala  |  
Pero necesita votos  |  
Un discurso irreal  |  
Culto a la personalidad en la izquierda  |  
Un breve repaso hist&#xF3;rico a la izquierda  |  
La divisi&#xF3;n de la izquierda  |  
1J4 y su rol en la divisi&#xF3;n de la izquierda  |  
Fraccionamientos en el MPD  |  
Divisiones en el 14 de Junio y en la L&#xED;nea Roja  |  
Otros desprendimientos  |  
CORECATO y Socialistas modernos  |  
Los te&#xF3;ricos del marxismo en el pa&#xED;s  |
Luis G&#xF3;mez P&#xE9;rez y su pol&#xE9;mica sobre la falsa izquierda  |
Maximiliano G&#xF3;mez como te&#xF3;rico marxista  |
Fernando Pe&#xF1;a y Jos&#xE9; Collado  |
Orlando Mart&#xED;nez: Sus reflexiones ideol&#xF3;gicas  |
Sobre el Pacoredo, Fidelio Despradel y Amaury Germ&#xE1;n Aristy  |
Estudios sobre contrainteligencia  |
Organizaciones de masas y ONG's, y algunas infiltraciones  |
Las mujeres de los revolucionarios dominicanos  |
La vida sexual de los dirigentes de izquierda  |
Los hijos de los izquierdistas dominicanos  |
Contexto internacional y local y la estrategia de la izquierda  |
El financiamiento de las actividades de la izquierda  |
Recaudaci&#xF3;n de fondos a trav&#xE9;s de la solidaridad urbana  |
Figuras que pertenecieron org&#xE1;nicamente a la izquierda  |
Entrevistas con dirigentes de izquierda  |
Secuestro de Donald J. Crowley  |
Los errores de la izquierda a nivel global  |
Aportes de la izquierda al proceso pol&#xED;tico y democr&#xE1;tico en Rep&#xFA;blica Dominicana  |
ENTREVISTANDO A LOS PERSONAJES DE LA IZQUIERDA  |
Cayetano Rodr&#xED;guez del Prado  |
Fafa Taveras  |
Narciso Isa Conde  |
Rafael Chaljub Mej&#xED;a |
La izquierda vista por s&#xED; misma Antonio Isa Conde  |
 Arismendi D&#xED;az Santana  |
 Roberto Cass&#xE1;  | 
H&#xE9;ctor D&#xED;az Polanco  | 
Benito Fern&#xE1;ndez  | 
Frank Lendor  | 
Mirna Santos  | 
Iv&#xE1;n Rodr&#xED;guez  |
 Elsa Pe&#xF1;a  | 
Winston Vargas  | 
Yv&#xE1;n Rodr&#xED;guez  | 
C&#xE9;sar P&#xE9;rez  | 
Sagrada Bujosa  |
 Cucullo B&#xE1;ez  | 
Juan Robles  | 
Orlando S&#xE1;nchez D&#xED;az  | 
Manuel Matos Moquete  | 
Freddy Gonz&#xE1;lez  |
 Jos&#xE9; del Castillo  |
</subfield>
  </datafield>
  <datafield tag="520" ind1=" " ind2="3">
    <subfield code="a">Como bien dice Umberto Eco, los libros son libros de otros libros, este constituye una valiosa fuente de inspiraci&#xF3;n para otros libros sobre el papel que ha jugado la izquierda de nuestro pa&#xED;s en el proceso pol&#xED;tico, seg&#xFA;n la mirada que de s&#xED; misma, con suma habilidad e inteligencia, Fausto Rosario Adames le permiti&#xF3; hacer a diversos actores de participantes de esa corriente pol&#xED;tica en un serial de entrevistas televisivas y personales que dan testimonios, informaciones e interpretaciones de los hechos, jalonando la historia pol&#xED;tica del pa&#xED;s de las &#xFA;ltimas seis d&#xE9;cadas, ellos dieron un aporte de este texto una fuente nutricia dif&#xED;cil de obtener para trabajos que investigue como este. Le imprime un valor particular, mayor nivel de credibilidad y objetividad que puede encontrarse en un trabajo limitado a las fuentes escritas.

Las entrevistas a actores claves para obtener conocimiento de un tema, constituye una de las mejores herramientas de investigaci&#xF3;n, pero hay que saber estructurarlas y manejarlas para obtener del sujeto entrevistado, no s&#xF3;lo la mayor cantidad posible de informaci&#xF3;n sino de calidad/fidelidad. Esto en el uso de esta t&#xE9;cnica, el sobre todo con la habilidad del entrevistador. Ejercicio, que otros profesionales y de los periodistas, pienso, este mejor intelectualmente, &#xE9;l de los periodistas de estos programas, y de los mejores en la t&#xE9;cnica de conducci&#xF3;n de importancia. Por eso nos brinda un texto de primera

A parte de eso, no s&#xF3;lo es s&#xF3;lido conocedor del tema de la izquierda dominicana, sino que tambi&#xE9;n nos dice que: "siendo joven a la dictadura de Trujillo, me toc&#xF3;: cuando la efervescencia revolucionaria, en mi infancia y sus agitaciones en abril, me llev&#xF3; a organizarme en mi persona lo que califica de en un partido o en el eso de la izquierda". Es este hecho, otras entrevistas para acometer el dif&#xED;cil tema de la izquierda y de la pol&#xED;tica. Indico porque a lo largo del serial de entrevistas sale de la lucha el movimiento del contexto en que un entramado me lleva pol&#xED;tica en un ambiente de pluralidad, de la poca experiencia de clases y grupos sociales de muy fr&#xE1;gil tradici&#xF3;n democr&#xE1;tica.</subfield>
  </datafield>
  <datafield tag="650" ind1=" " ind2="7">
    <subfield code="2">lemb</subfield>
    <subfield code="a">Comunismo</subfield>
    <subfield code="v">Entrevista</subfield>
    <subfield code="9">201182</subfield>
  </datafield>
  <datafield tag="650" ind1=" " ind2="7">
    <subfield code="2">lemb</subfield>
    <subfield code="a"> Derechas e izquierdas (Pol&#xED;tica)</subfield>
    <subfield code="v">Entrevista</subfield>
    <subfield code="9">201183</subfield>
  </datafield>
  <datafield tag="650" ind1=" " ind2="7">
    <subfield code="2">lemb</subfield>
    <subfield code="a"> Socialismo</subfield>
    <subfield code="v">Entrevista</subfield>
    <subfield code="9">201184</subfield>
  </datafield>
  <datafield tag="700" ind1=" " ind2=" ">
    <subfield code="a">P&#xE9;rez, C&#xE9;sar</subfield>
    <subfield code="9">55876</subfield>
    <subfield code="e">prologuista</subfield>
  </datafield>
  <datafield tag="942" ind1=" " ind2=" ">
    <subfield code="2">ddc</subfield>
    <subfield code="c">BK</subfield>
  </datafield>
  <datafield tag="999" ind1=" " ind2=" ">
    <subfield code="c">114249</subfield>
    <subfield code="d">114249</subfield>
  </datafield>
  <datafield tag="952" ind1=" " ind2=" ">
    <subfield code="0">0</subfield>
    <subfield code="1">0</subfield>
    <subfield code="2">ddc</subfield>
    <subfield code="7">1</subfield>
    <subfield code="8">EDIT-UNIBE</subfield>
    <subfield code="a">Principal</subfield>
    <subfield code="d">2025-12-01</subfield>
    <subfield code="l">0</subfield>
    <subfield code="o">UI-L 320.53 R789i</subfield>
    <subfield code="p">251193</subfield>
    <subfield code="r">2025-12-01 15:04:10</subfield>
    <subfield code="t">Ej. 1</subfield>
    <subfield code="w">2025-12-01</subfield>
    <subfield code="y">BK-RES</subfield>
  </datafield>
  <datafield tag="952" ind1=" " ind2=" ">
    <subfield code="0">0</subfield>
    <subfield code="1">0</subfield>
    <subfield code="2">ddc</subfield>
    <subfield code="7">0</subfield>
    <subfield code="8">GEN-RD</subfield>
    <subfield code="a">Principal</subfield>
    <subfield code="d">2025-12-01</subfield>
    <subfield code="l">0</subfield>
    <subfield code="o">RD 320.53 R789i</subfield>
    <subfield code="p">251194</subfield>
    <subfield code="r">2025-12-01 15:06:35</subfield>
    <subfield code="t">Ej. 2</subfield>
    <subfield code="w">2025-12-01</subfield>
    <subfield code="y">BK</subfield>
  </datafield>
  <datafield tag="952" ind1=" " ind2=" ">
    <subfield code="0">0</subfield>
    <subfield code="1">0</subfield>
    <subfield code="2">ddc</subfield>
    <subfield code="7">0</subfield>
    <subfield code="8">GEN-RD</subfield>
    <subfield code="a">Principal</subfield>
    <subfield code="d">2025-12-01</subfield>
    <subfield code="l">1</subfield>
    <subfield code="o">RD 320.53 R789i</subfield>
    <subfield code="p">251195</subfield>
    <subfield code="r">2026-01-12 11:40:04</subfield>
    <subfield code="s">2026-01-12</subfield>
    <subfield code="t">Ej. 3</subfield>
    <subfield code="w">2025-12-01</subfield>
    <subfield code="y">BK</subfield>
  </datafield>
</record>
